Nekooperatívna viackriteriálna hra

Gespeichert in:
Bibliographische Detailangaben
1. Verfasser: Čičková, Zuzana, 1978-
Weitere Verfasser: Holzerová, Patrícia, 1995-
Format: Buchkapitel
Sprache:Englisch
Schlagworte:
Tags: Tag hinzufügen
Keine Tags, Fügen Sie das erste Tag hinzu!

MARC

LEADER 00000naa$a2200000$$$4500
001 0272012
005 20240502074305.1
041 0 |a eng 
044 |a SK 
245 1 0 |a Nekooperatívna viackriteriálna hra  |c Zuzana Čičková, Patrícia Holzerová 
500 |a abstrakt 
610 2 0 |a modely 
610 2 0 |a teória hier 
610 2 0 |a kooperácia 
610 2 0 |a kritériá rozhodovania 
100 1 |a Čičková, Zuzana, 1978- 
700 1 |a Holzerová, Patrícia, 1995-